01009cam a22002411 450000100060000000300080000600500170001400800410003103500190007204000260009104100080011708200230012510000290014824501230017726000570030030000210035750400300037865000480040894200120045699900170046895201400048595201420062536290BD-RjUL20211209052451.0140619s1965 nju b 000 0 eng  a(BD-RjUL)36387 aDLCcWadBD-RjULbeng aeng00a338.1247bPLC 19651 aPloss, Sidney I.911045310aConflict and decision-making in Soviet Russia ;ba case study of agricultural policy, 1953-1963 /cby Sidney I. Ploss. aPrinceton, N.J.,bPrinceton University Press,c1965. a312 p. ;c22 cm. aBibliography: p. 295-301. 0aAgriculture and statezSoviet Union.916970 2ddccBK c36290d36290 00102ddc40708NFICaRUCLbRUCLcStackd1989-06-06ezeetlingerg31.00l0o338.1247 PLC 1965r2014-06-19 00:00:00tC-2w2014-06-19yBK 00102ddc40718NFICaRUCLbRUCLcReadingd1989-06-06ezeetlingerg31.00l0o338.1247 PLC 1965r2014-06-19 00:00:00tC-1w2014-06-19yBK